Brawl Stars Game Modes - Statistics

General Stats
  • This quiz has been taken 116 times
  • The average score is 10 of 11
Answer Stats
Picture Answer % Correct
Gem Grab
97%
Brawl Ball
95%
Heist
91%
Knockout
91%
Showdown
91%
Duels
88%
Hot Zone
86%
Bounty
85%
Basket Brawl
84%
Wipeout
81%
Duo Showdown
68%
No matching quizzes found
Score Distribution
Percent of People with Each Score
Percentile by Number Answered
Your Score History
You have not taken this quiz